000
00195nam a2200085Ia 4500
008
170617s9999 xx 000 0 und d
100
_a
WAUGH- ANNA
245
0
_a
ANATOMY AND PHYSIOLOGY
260
_b
Elesvir Pub
260
_c
2014
999
_c
15576
_d
15576